000 00350nam a2200133Ia 4500
008 100328s9999 xx 000 0 und d
082 _b47443
100 _aकाळे वैजयंती
245 _aसार्थक
260 _bराजेंद्र
630 _aसार्थक
730 _aसार्थक
942 _cBOOK
999 _c535220
_d535217